000
00310nam a2200109 4500
008
b xx# fre u
040
_a
LB-BrCRDP
082
1
_a
684
_b
BAR
245
1
3
_a
Le grand livre du bricolage
_c
Ursula Barff, Inge Burkhardt
942
_c
BK
999
_c
9656
_d
9656